000 00347nam a2200145Ia 4500
005 20260328101527.0
008 260328s9999||||xx |||||||||||||| ||und||
100 _aLiauw, Laurence
245 0 _aNew Urban China /
_cLaurence Liauw
250 _a5a ed.
260 _bJohn Wiley & Sons
300 _a136 p.
650 _aDISEÑO URBANO
942 _cBK
999 _c9811
_d9811